[Event "Winter Open 2024"]
[Site "?"]
[Date "2024.01.19"]
[Round "1"]
[White "Dixon, Chris"]
[Black "Toczek, Grzegorz"]
[Result "1/2-1/2"]
[WhiteElo "1665"]
[BlackElo "2291"]
[PlyCount "93"]
[SourceVersionDate "2024.02.07"]

1. d4 d5 2. Nf3 e6 3. e3 c5 4. c3 Nc6 5. Bd3 Nf6 6. Nbd2 Bd6 7. O-O O-O 8. dxc5 Bxc5 9. b4 Be7 10. Bb2 b6 11. Re1 Bb7 12. a3 Qc7 13. Rc1 Rad8 14. Qc2 Ne5 15. Nxe5 Qxe5 16. f4 Qh5 17. Be2 Qh6 18. Bf3 e5 19. fxe5 Nd7 20. c4 Qe6 21. cxd5 Bxd5 22. Bxd5 Qxd5 23. Nf3 a5 24. Qc4 Qxc4 25. Rxc4 axb4 26. axb4 b5 27. Rc7 Bxb4 28. Rec1 Rfe8 29. Bd4 Ba3 30. Rb1 b4 31. Kf2 Nf8 32. Ng5 Rc8 33. Rb7 Ne6 34. Nxe6 fxe6 35. Kg3 Rf8 36. Bb2 Rc2 37. Bxa3 bxa3 38. Ra7 Rc3 39. Rbb7 Rxe3+ 40. Kg4 h5+ 41. Kxh5 Rxe5+ 42. Kg4 Re4+ 43. Kg3 Re3+ 44. Kh4 Rf4+ 45. g4 Kh8 46. Rxg7 Ra4 47. Rh7+ 1/2-1/2

[Event "Winter Open 2024"]
[Site "?"]
[Date "2024.01.19"]
[Round "1"]
[White "Jones, Steven"]
[Black "Beeston, Darson"]
[Result "1-0"]
[WhiteElo "2234"]
[BlackElo "1639"]
[PlyCount "57"]
[SourceVersionDate "2024.02.07"]

1. e4 c5 2. Nf3 Nc6 3. Nc3 d6 4. d4 cxd4 5. Nxd4 e5 6. Nde2 Nf6 7. Bg5 Be6 8. g3 Be7 9. Qd2 Qd7 10. O-O-O Rc8 11. f4 Bg4 12. Kb1 Nd4 13. Nxd4 exd4 14. Bb5 Rc6 15. Qxd4 Bxd1 16. Rxd1 O-O 17. e5 Ne8 18. Bxc6 bxc6 19. Bxe7 Qxe7 20. exd6 Qd7 21. Ne4 f5 22. Nc5 Qd8 23. Ne6 Qf6 24. Nxf8 Qxf8 25. d7 c5 26. Qd5+ Kh8 27. dxe8=Q Qxe8 28. Qd8 Qxd8 29. Rxd8# 1-0

[Event "Winter Open 2024"]
[Site "?"]
[Date "2024.01.19"]
[Round "1"]
[White "Quinn, Peter"]
[Black "Bullen, Alex"]
[Result "0-1"]
[WhiteElo "1638"]
[BlackElo "2139"]
[PlyCount "62"]
[SourceVersionDate "2024.02.07"]

1. e4 c6 2. d3 d5 3. Nd2 e5 4. Ngf3 Bd6 5. Be2 Nf6 6. c3 O-O 7. b4 a5 8. bxa5 Qxa5 9. Bb2 Nbd7 10. O-O Nc5 11. Nb3 Qb6 12. Qc2 dxe4 13. dxe4 Nfxe4 14. Nxc5 Nxc5 15. Ng5 e4 16. Bc1 Qc7 17. Nxe4 Nxe4 18. Qxe4 Bxh2+ 19. Kh1 Be5 20. a4 f5 21. Bc4+ Kh8 22. Qh4 f4 23. Re1 Bf5 24. f3 Rf6 25. Rxe5 Qxe5 26. Bxf4 Qxc3 27. Rc1 Qd4 28. Qh2 Re8 29. Bg5 Rd6 30. g4 Bg6 31. Bf4 Rf6 0-1

[Event "Winter Open 2024"]
[Site "?"]
[Date "2024.01.19"]
[Round "1"]
[White "Brown, Tom"]
[Black "Di-Vetta, Andrew"]
[Result "1-0"]
[WhiteElo "2095"]
[BlackElo "1631"]
[PlyCount "65"]
[SourceVersionDate "2024.02.07"]

1. d4 e6 2. c4 d5 3. Nc3 Bb4 4. a3 Bxc3+ 5. bxc3 Nf6 6. e3 b6 7. cxd5 Qxd5 8. c4 Qb7 9. Nf3 O-O 10. Bd3 Nbd7 11. O-O Ne4 12. Qc2 f5 13. Rb1 c5 14. Bxe4 fxe4 15. Ng5 cxd4 16. Nxe6 d3 17. Qc3 Nf6 18. Nxf8 Kxf8 19. f3 Bf5 20. Bb2 Kg8 21. Qe5 Bg6 22. Qg5 Rf8 23. fxe4 Qxe4 24. Bxf6 gxf6 25. Rxf6 Rxf6 26. Qxf6 Qxe3+ 27. Qf2 Qe7 28. a4 Qe4 29. Rf1 Qe7 30. Qd4 Qe8 31. h4 h5 32. Rf6 Kh7 33. Rd6 1-0

[Event "Winter Open 2024"]
[Site "?"]
[Date "2024.01.19"]
[Round "1"]
[White "Westcott, Dale"]
[Black "Binks, Michael"]
[Result "0-1"]
[WhiteElo "1623"]
[BlackElo "2035"]
[PlyCount "104"]
[SourceVersionDate "2024.02.07"]

1. Nf3 d5 2. g3 Bf5 3. Bg2 Nd7 4. d4 Ngf6 5. O-O e6 6. c4 c6 7. Qb3 Qb6 8. c5 Qxb3 9. axb3 Be7 10. Nc3 O-O 11. Bf4 Ne4 12. b4 f6 13. Nh4 Nxc3 14. bxc3 Bc2 15. Nf3 g5 16. Bd2 a6 17. h4 h6 18. Bh3 Kf7 19. Ne1 Bb3 20. h5 f5 21. Nd3 Kg7 22. Nb2 Nf6 23. Ra3 Bc4 24. Nxc4 dxc4 25. Ra2 Nxh5 26. g4 Nf6 27. gxf5 g4 28. Bg2 exf5 29. Bf4 Nd5 30. Bxd5 cxd5 31. Kg2 h5 32. Rh1 Kg6 33. Ra5 Rae8 34. c6 bxc6 35. Rxa6 Rf6 36. Be5 Re6 37. b5 Bf6 38. Bxf6 Rxf6 39. b6 Rxe2 40. Rb1 Re8 41. b7 Rb8 42. Ra8 Rff8 43. Ra6 Rf7 44. Rxc6+ Kg5 45. Rbb6 Rbxb7 46. Rg6+ Kf4 47. Rbd6 h4 48. Rxd5 h3+ 49. Kh2 Rb2 50. Rh6 Rxf2+ 51. Kg1 Rg2+ 52. Kf1 Ra7 0-1

[Event "Winter Open 2024"]
[Site "?"]
[Date "2024.01.19"]
[Round "1"]
[White "Fathallah, Joe"]
[Black "Morgans, Justin"]
[Result "1-0"]
[WhiteElo "2010"]
[BlackElo "1618"]
[PlyCount "67"]
[SourceVersionDate "2024.02.07"]

1. d4 d5 2. c4 e6 3. Nc3 Nf6 4. cxd5 exd5 5. Bg5 Be7 6. e3 O-O 7. Bd3 h6 8. Bh4 Re8 9. Nge2 Nbd7 10. O-O c6 11. Qc2 Nf8 12. f3 Be6 13. e4 Rc8 14. e5 N6h7 15. Bxe7 Qxe7 16. f4 g6 17. f5 gxf5 18. Bxf5 Bxf5 19. Qxf5 Qe6 20. Qf4 Rc7 21. Rf3 Ng5 22. Rg3 Kh8 23. Qh4 Qg6 24. Nf4 Qh7 25. Nh5 Ng6 26. Qg4 Ree7 27. Nf6 Qg7 28. h4 Ne6 29. Rf1 Qf8 30. h5 Ng5 31. hxg6 fxg6 32. Qh4 Kg7 33. Rxg5 Rf7 34. Rxg6+ 1-0

[Event "Winter Open 2024"]
[Site "?"]
[Date "2024.01.19"]
[Round "1"]
[White "Larg, Richard"]
[Black "Jukes, Sam"]
[Result "0-1"]
[WhiteElo "1583"]
[BlackElo "1890"]
[PlyCount "122"]
[SourceVersionDate "2024.02.07"]

1. d4 Nf6 2. c4 b6 3. Nf3 Bb7 4. Nc3 e6 5. Bg5 Be7 6. e3 O-O 7. Be2 d6 8. O-O Nbd7 9. Nd2 c5 10. Nb3 Rc8 11. Rc1 Ne8 12. Bxe7 Qxe7 13. dxc5 dxc5 14. Nd2 Rd8 15. Qc2 Ne5 16. f4 Nc6 17. a3 Nd6 18. Bf3 Nf5 19. Rfe1 Rd7 20. Rcd1 Rfd8 21. Nf1 Nh4 22. Rxd7 Nxf3+ 23. gxf3 Rxd7 24. Rd1 Na5 25. Qe2 Ba6 26. Rxd7 Qxd7 27. Qd2 Qxd2 28. Nxd2 Nxc4 29. Nxc4 Bxc4 30. Kf2 f5 31. e4 Kf7 32. h4 Ke7 33. Nd1 Kd6 34. Ne3 Bd3 35. e5+ Kc6 36. b3 b5 37. Ke1 c4 38. Kd2 Kc5 39. Kc3 Be2 40. bxc4 bxc4 41. Nc2 Bxf3 42. Nd4 Bd5 43. Nc2 Bc6 44. Ne3 Bb5 45. a4 Bxa4 46. Nxc4 Kd5 47. Nd2 Bb5 48. Nf3 h6 49. Nd4 Bd7 50. Kd3 a5 51. Nc2 Bb5+ 52. Ke3 Kc4 53. Na3+ Kb4 54. Nc2+ Kc3 55. Nd4 Bd7 56. Ne2+ Kb2 57. Kd2 a4 58. Nc1 a3 59. Nd3+ Kb1 60. Nc5 a2 61. Nb3 Ba4 0-1

[Event "Winter Open 2024"]
[Site "?"]
[Date "2024.01.19"]
[Round "1"]
[White "May, Adam"]
[Black "Probert, Malcolm"]
[Result "1/2-1/2"]
[WhiteElo "1882"]
[BlackElo "1542"]
[PlyCount "74"]
[SourceVersionDate "2024.02.07"]

1. d4 d5 2. Nf3 Nf6 3. g3 g6 4. Bg2 Bg7 5. O-O O-O 6. c4 dxc4 7. Na3 Nc6 8. Nxc4 Be6 9. b3 Bd5 10. Bb2 Ne4 11. e3 Nd6 12. Qe2 Nxc4 13. bxc4 Be4 14. d5 Bxf3 15. Bxf3 Ne5 16. Bg2 Rb8 17. f4 Nd7 18. Bxg7 Kxg7 19. e4 b6 20. h4 Nc5 21. f5 Qd6 22. e5 Qd7 23. Bh3 e6 24. Rad1 exf5 25. g4 fxg4 26. Bxg4 Qe7 27. Rf6 Nd7 28. Bxd7 Qxd7 29. Qf3 Rbe8 30. Rf1 Rxe5 31. Qf4 Re7 32. h5 Qh3 33. Qd4 Qe3+ 34. Qxe3 Rxe3 35. h6+ Kg8 36. Rc6 Re7 37. a4 f5 1/2-1/2

[Event "Winter Open 2024"]
[Site "?"]
[Date "2024.01.19"]
[Round "1"]
[White "Tuson, Jon"]
[Black "Turner, Joseph David"]
[Result "1-0"]
[WhiteElo "1532"]
[BlackElo "1868"]
[PlyCount "109"]
[SourceVersionDate "2024.02.08"]

1. c4 Nf6 2. Nc3 g6 3. e4 d6 4. d4 Bg7 5. f3 O-O 6. Be3 Na6 7. Qd2 c6 8. Be2 e5 9. dxe5 dxe5 10. O-O-O Qa5 11. a3 Be6 12. Qc2 Rfc8 13. Bd2 Qc7 14. Kb1 Bd7 15. Be3 Bf8 16. Na4 b5 17. cxb5 cxb5 18. Qxc7 Rxc7 19. Nc3 Rb8 20. Bg5 Ne8 21. Nd5 Rc6 22. Bd3 Nc5 23. Ne2 f6 24. Be3 Nxd3 25. Rxd3 a5 26. Rhd1 Be6 27. Ndc3 Bc4 28. Rd8 Rcc8 29. Rxc8 Rxc8 30. Nc1 b4 31. axb4 axb4 32. Na4 Bb5 33. Nb6 Rb8 34. b3 h5 35. Nd5 Kf7 36. Na2 Ba6 37. Rc1 Bd3+ 38. Kb2 f5 39. exf5 gxf5 40. Bc5 e4 41. Bxf8 Kxf8 42. fxe4 Bxe4 43. Nf4 Nd6 44. g3 Ke7 45. Rd1 Nf7 46. Rd4 Ne5 47. Nxb4 Ra8 48. Nbd5+ Kf7 49. Rb4 Bxd5 50. Rb5 Bxb3 51. Kxb3 Re8 52. Nxh5 Kg6 53. Nf4+ Kf6 54. Nd5+ Kg6 55. h4 1-0

[Event "Winter Open 2024"]
[Site "?"]
[Date "2024.01.19"]
[Round "1"]
[White "Downey, Keith"]
[Black "Richards, Gareth"]
[Result "1-0"]
[WhiteElo "1733"]
[BlackElo "1111"]
[PlyCount "95"]
[SourceVersionDate "2024.02.08"]

1. Nf3 Nf6 2. c4 Nc6 3. d4 d5 4. cxd5 Nxd5 5. e4 Nf6 6. Nc3 Bg4 7. Be3 Bxf3 8. gxf3 e6 9. Bg2 g6 10. Qd2 h5 11. Rd1 Qe7 12. Bg5 e5 13. Nd5 Qd6 14. Bxf6 Rh7 15. Bxe5 Nxe5 16. dxe5 Qxe5 17. Nf6+ Ke7 18. Nxh7 Qd6 19. Qxd6+ cxd6 20. Nxf8 Rxf8 21. Rc1 Ke6 22. Ke2 f5 23. Ke3 f4+ 24. Kd4 Rf7 25. h4 Rg7 26. Bh3+ Kf6 27. Rhg1 a5 28. a4 b5 29. axb5 Rb7 30. Rg5 a4 31. e5+ dxe5+ 32. Rxe5 a3 33. bxa3 Ra7 34. Rc6+ Kg7 35. Rc3 Kf6 36. Rec5 Ra4+ 37. Kd5 Kg7 38. b6 Ra6 39. Rb5 Ra8 40. b7 Rb8 41. Rc8 g5 42. hxg5 Kg6 43. Rxb8 Kxg5 44. Re8 Kh4 45. b8=Q Kxh3 46. Rg8 h4 47. Qc8+ Kh2 48. Qg4 1-0

[Event "Winter Open 2024"]
[Site "?"]
[Date "2024.01.20"]
[Round "2"]
[White "Binks, Michael"]
[Black "Christiansen, Johan-Sebastian"]
[Result "0-1"]
[WhiteElo "2035"]
[BlackElo "2629"]
[PlyCount "56"]
[SourceVersionDate "2024.02.08"]

1. d4 Nf6 2. Nf3 g6 3. c4 Bg7 4. Nc3 O-O 5. Bg5 d6 6. e4 h6 7. Be3 e5 8. Be2 exd4 9. Nxd4 Re8 10. f3 c6 11. Qd2 Kh7 12. O-O Qe7 13. Rae1 Nbd7 14. Bd1 Nc5 15. Bc2 Bd7 16. g4 Rad8 17. h4 Be6 18. h5 Bxc4 19. Rf2 d5 20. hxg6+ fxg6 21. Rh2 dxe4 22. Bxh6 Kg8 23. Bxg7 Qxg7 24. Qf2 Nd3 25. Bxd3 Bxd3 26. Nb3 exf3 27. Rxe8+ Rxe8 28. Qxf3 Re1+ 0-1

[Event "Winter Open 2024"]
[Site "?"]
[Date "2024.01.20"]
[Round "2"]
[White "Fathallah, Joe"]
[Black "Jones, Steven"]
[Result "0-1"]
[WhiteElo "2010"]
[BlackElo "2234"]
[PlyCount "116"]
[SourceVersionDate "2024.02.08"]

1. d4 Nf6 2. c4 g6 3. Nc3 d5 4. Nf3 Bg7 5. Bg5 dxc4 6. e4 c5 7. d5 b5 8. Bxf6 Bxf6 9. e5 Bg7 10. Nxb5 Qa5+ 11. Nc3 O-O 12. Bxc4 Bg4 13. h3 Bxf3 14. Qxf3 Nd7 15. O-O Nxe5 16. Qe2 Rab8 17. Bb5 c4 18. Bxc4 Rxb2 19. Qxb2 Nxc4 20. Qb5 Qxc3 21. Rac1 Nd6 22. Qd7 Qe5 23. Qxa7 Bf6 24. Rfd1 Ne4 25. Qc7 Qxc7 26. Rxc7 Ra8 27. Rc2 Ra6 28. Rd3 Kf8 29. Rc8+ Kg7 30. Rc2 Rb6 31. g4 g5 32. Kg2 Rb1 33. Kf3 Nd6 34. Ke3 Be5 35. Re2 Ra1 36. Rc2 f5 37. gxf5 Kf6 38. Kd2 Ne4+ 39. Ke2 Kxf5 40. Kf3 Bd6 41. Re2 Nf6 42. Rc2 h5 43. Re2 Rc1 44. Rdd2 Rc5 45. a4 Ra5 46. Rd4 Nxd5 47. Ra2 Nb4 48. Rb2 Rxa4 49. Rb3 Ke5 50. Re4+ Kd5 51. Rd3+ Nxd3 52. Rxa4 Bc5 53. Ra8 Nxf2 54. Rh8 h4 55. Rg8 Nxh3 56. Kg4 Nf2+ 57. Kxg5 h3 58. Rh8 Bd6 0-1

[Event "Winter Open 2024"]
[Site "?"]
[Date "2024.01.20"]
[Round "2"]
[White "Bullen, Alex"]
[Black "Downey, Keith"]
[Result "1-0"]
[WhiteElo "2139"]
[BlackElo "1733"]
[PlyCount "47"]
[SourceVersionDate "2024.02.08"]

1. d4 Nf6 2. Nf3 e6 3. Bg5 d5 4. e3 Be7 5. Bd3 Nbd7 6. Nbd2 O-O 7. O-O b6 8. Ne5 Bb7 9. f4 c5 10. c3 Rc8 11. Qf3 Rc7 12. Qh3 Ne4 13. Bxe7 Qxe7 14. Ndf3 h6 15. g4 Qf6 16. g5 hxg5 17. fxg5 Qf5 18. Ng4 Qh7 19. Qg2 Kh8 20. Nfe5 Nxe5 21. Nxe5 f5 22. Rf3 Nxg5 23. Qxg5 Rf6 24. Rf4 1-0

[Event "Winter Open 2024"]
[Site "?"]
[Date "2024.01.20"]
[Round "2"]
[White "Jukes, Sam"]
[Black "Brown, Thomas"]
[Result "1-0"]
[WhiteElo "1890"]
[BlackElo "2095"]
[PlyCount "89"]
[SourceVersionDate "2024.02.08"]

1. e4 c6 2. d4 d5 3. Nc3 dxe4 4. Nxe4 Bf5 5. Ng3 Bg6 6. N1e2 e5 7. f4 h5 8. h4 e4 9. Nc3 f5 10. d5 Nf6 11. dxc6 Nxc6 12. Bb5 Bc5 13. Qxd8+ Rxd8 14. Ke2 O-O 15. Bxc6 bxc6 16. Na4 Bd6 17. c4 Ng4 18. Nf1 Be7 19. Be3 Bf7 20. b3 Rd7 21. Bc5 Bf6 22. Bxf8 Bxa1 23. Ba3 Rd3 24. Bb2 Bxb2 25. Nxb2 Rd6 26. Ne3 Nxe3 27. Kxe3 c5 28. Rd1 Ra6 29. Rd8+ Kh7 30. Na4 Bxc4 31. Nxc5 Rc6 32. Nxe4 fxe4 33. bxc4 Rxc4 34. Rd5 Ra4 35. Rxh5+ Kg8 36. Rg5 a5 37. g4 Rxa2 38. Kxe4 a4 39. Ra5 a3 40. Kf5 Kh7 41. h5 Ra1 42. Kg5 Ra2 43. f5 Ra1 44. Ra6 a2 45. Ra8 1-0

[Event "Winter Open 2024"]
[Site "?"]
[Date "2024.01.20"]
[Round "2"]
[White "Toczek, Grzegorz"]
[Black "Tuson, Jon"]
[Result "1-0"]
[WhiteElo "2291"]
[BlackElo "1532"]
[PlyCount "35"]
[SourceVersionDate "2024.02.08"]

1. e4 d6 2. d4 Nf6 3. Nc3 g6 4. f4 Bg7 5. Nf3 O-O 6. Bd3 Na6 7. O-O c5 8. d5 Nc7 9. Qe2 e6 10. dxe6 fxe6 11. e5 Nfd5 12. Ne4 Ne8 13. g3 dxe5 14. fxe5 b6 15. Bd2 Qc7 16. Neg5 Qe7 17. Nxh7 Rxf3 18. Qxf3 1-0

[Event "Winter Open 2024"]
[Site "?"]
[Date "2024.01.20"]
[Round "2"]
[White "Kett, Tom"]
[Black "May, Adam"]
[Result "1-0"]
[WhiteElo "2096"]
[BlackElo "1882"]
[PlyCount "63"]
[SourceVersionDate "2024.02.08"]

1. e4 c6 2. d4 d5 3. e5 c5 4. dxc5 e6 5. a3 Bxc5 6. b4 Be7 7. Qg4 g6 8. Nf3 a5 9. b5 Nd7 10. Bd3 h5 11. Qg3 h4 12. Qf4 Rh5 13. O-O Nh6 14. Bb2 g5 15. Qe3 Nc5 16. Be2 Nf5 17. Qc1 g4 18. Nd4 Nxd4 19. Bxd4 Rg5 20. Nc3 b6 21. Qf4 Bb7 22. Bxg4 Rg6 23. h3 Bg5 24. Qf3 Qe7 25. Rad1 Kf8 26. Qe2 Bf4 27. Be3 Qg5 28. Rd4 Ne4 29. Nxe4 dxe4 30. Rd7 Rb8 31. Qd2 Bxe3 32. Qd6+ 1-0

[Event "Winter Open 2024"]
[Site "?"]
[Date "2024.01.20"]
[Round "2"]
[White "Wells, Thomas"]
[Black "Dixon, Chris"]
[Result "1/2-1/2"]
[WhiteElo "1980"]
[BlackElo "1665"]
[PlyCount "74"]
[SourceVersionDate "2024.02.08"]

1. e4 d6 2. g3 Nf6 3. Bg2 g6 4. d3 Bg7 5. Ne2 O-O 6. O-O c5 7. c4 Nc6 8. Nbc3 Rb8 9. h3 a6 10. Be3 b5 11. b3 b4 12. Na4 e5 13. Rb1 Nd7 14. f4 f6 15. h4 Nd4 16. f5 g5 17. hxg5 fxg5 18. g4 Nxe2+ 19. Qxe2 h6 20. Nb2 Nf6 21. Nd1 a5 22. Nf2 Bd7 23. Nh1 a4 24. Ng3 axb3 25. axb3 Ra8 26. Ra1 Qc7 27. Bf3 Ra7 28. Ra2 Rfa8 29. Rfa1 Qb7 30. Qb2 Qc7 31. Rxa7 Rxa7 32. Ra2 Bc6 33. Qa1 Rxa2 34. Qxa2 Qb6 35. Bd1 Kf8 36. Kf1 Kg8 37. Kg1 Kf8 1/2-1/2

[Event "Winter Open 2024"]
[Site "?"]
[Date "2024.01.20"]
[Round "2"]
[White "Thomas, Roy"]
[Black "Cave, Iwan"]
[Result "0-1"]
[WhiteElo "1658"]
[BlackElo "1973"]
[PlyCount "70"]
[SourceVersionDate "2024.02.15"]

1. f4 Nh6 2. Nf3 d5 3. e3 Bg4 4. Be2 e6 5. O-O Nd7 6. c4 c6 7. cxd5 exd5 8. Nc3 Bd6 9. b3 O-O 10. Bb2 Re8 11. Qc2 Nc5 12. Nd4 Bxe2 13. Ndxe2 Qb6 14. Nd4 Qa6 15. b4 Ne4 16. Nxe4 Rxe4 17. a3 Rae8 18. Kh1 Qb6 19. Nf3 f6 20. Qc3 Qc7 21. Rac1 Qf7 22. Qd3 Qh5 23. Ng1 Nf5 24. Rf3 Qg6 25. Rcf1 Rxb4 26. Qc3 Rbe4 27. Ne2 Qf7 28. Rh3 d4 29. Nxd4 Nxd4 30. exd4 Rxf4 31. Rhf3 Rxf3 32. Qxf3 Qd5 33. Qg4 Qe4 34. Qh5 Qe2 35. Kg1 Qxh5 0-1

[Event "Winter Open 2024"]
[Site "?"]
[Date "2024.01.20"]
[Round "2"]
[White "Probert, Malcolm"]
[Black "Rathbone-Jones, Iwan"]
[Result "0-1"]
[WhiteElo "1542"]
[BlackElo "1934"]
[PlyCount "54"]
[SourceVersionDate "2024.02.15"]

1. Nf3 Nf6 2. g3 d6 3. d4 Nbd7 4. Bg2 e5 5. dxe5 dxe5 6. O-O Bd6 7. c4 O-O 8. Nc3 a6 9. Qc2 Rb8 10. b3 b5 11. cxb5 axb5 12. Bb2 b4 13. Ne4 Nxe4 14. Qxe4 Bb7 15. Qc2 Re8 16. e3 Re6 17. Nd2 Bxg2 18. Kxg2 h5 19. h4 Rg6 20. Nf3 Rb5 21. Rad1 Rc5 22. Qe4 Rg4 23. Qb1 e4 24. Ng5 Rcxg5 25. hxg5 Qxg5 26. Rh1 Bxg3 27. Rdg1 Bh2+ 0-1

[Event "Winter Open 2024"]
[Site "?"]
[Date "2024.01.20"]
[Round "2"]
[White "Turner, Joseph David"]
[Black "Di-Vetta, Andrew"]
[Result "0-1"]
[WhiteElo "1868"]
[BlackElo "1631"]
[PlyCount "94"]
[SourceVersionDate "2024.02.15"]

1. e4 c6 2. d4 d5 3. f3 e6 4. Bf4 Nf6 5. e5 Nh5 6. Be3 g6 7. g4 Ng7 8. c3 h5 9. Nh3 hxg4 10. fxg4 Rxh3 11. Bxh3 Qh4+ 12. Ke2 Qxh3 13. Qg1 b6 14. Qg3 Ba6+ 15. Kf2 Qxg3+ 16. hxg3 Nd7 17. Rh8 O-O-O 18. Bh6 c5 19. Rxf8 Rxf8 20. Bxg7 Rg8 21. Bh6 f6 22. exf6 Nxf6 23. Kf3 Ne4 24. Nd2 Rh8 25. Bf4 g5 26. Be3 Bd3 27. Nf1 c4 28. b3 Rf8+ 29. Kg2 b5 30. bxc4 bxc4 31. Rc1 Bxf1+ 32. Rxf1 Rxf1 33. Kxf1 Nxg3+ 34. Kg2 Ne4 35. Kf3 Nxc3 36. Bxg5 Nxa2 37. Kf4 Kd7 38. Ke5 c3 39. Be3 Ke7 40. g5 Nb4 41. Kf4 Nd3+ 42. Kg4 c2 43. Kh5 Kf7 44. g6+ Kg8 45. Kh6 c1=Q 46. Bxc1 Nxc1 47. g7 Nb3 0-1

[Event "Winter Open 2024"]
[Site "?"]
[Date "2024.01.20"]
[Round "2"]
[White "Jones, Steve"]
[Black "Westcott, Dale"]
[Result "1-0"]
[WhiteElo "1678"]
[BlackElo "1623"]
[PlyCount "83"]
[SourceVersionDate "2024.02.15"]

1. d4 d5 2. Nc3 Nf6 3. Bf4 e6 4. e3 Bb4 5. Bd3 c5 6. a3 Bxc3+ 7. bxc3 Qa5 8. f3 Qxc3+ 9. Kf2 cxd4 10. Ne2 dxe3+ 11. Bxe3 Qc7 12. Nf4 O-O 13. g4 d4 14. Bd2 e5 15. g5 Ng4+ 16. fxg4 exf4 17. Qf3 Be6 18. Bxf4 Qc5 19. Rhe1 Nc6 20. Qh3 g6 21. Qg3 Rad8 22. h4 Bc4 23. h5 Bxd3 24. cxd3 f5 25. hxg6 hxg6 26. Re6 Kg7 27. Rae1 fxg4 28. Qxg4 Rxf4+ 29. Qxf4 Rf8 30. Rf6 Qf5 31. Qxf5 gxf5 32. Rxf8 Kxf8 33. Re6 Kg7 34. Kf3 Nd8 35. Rd6 Nf7 36. Rd7 Kg6 37. Kf4 Nxg5 38. Rd6+ Kh5 39. Kxf5 Nf3 40. Rd7 Kh4 41. Rxb7 Ne1 42. Ke4 1-0

[Event "Winter Open 2024"]
[Site "?"]
[Date "2024.01.20"]
[Round "2"]
[White "Beeston, Darson"]
[Black "Larg, Richard"]
[Result "1-0"]
[WhiteElo "1639"]
[BlackElo "1583"]
[PlyCount "95"]
[SourceVersionDate "2024.02.15"]

1. e4 e5 2. Nf3 d6 3. Nc3 Nc6 4. Bb5 Bg4 5. O-O Be7 6. h3 Bxf3 7. Qxf3 Nf6 8. d3 O-O 9. Ne2 a6 10. Bc4 Na5 11. Bb3 Nxb3 12. axb3 d5 13. Ng3 c6 14. Nf5 Re8 15. Bh6 Bf8 16. Bxg7 Bxg7 17. Qg3 Nh5 18. Qg4 dxe4 19. dxe4 Qf6 20. Qxh5 Rad8 21. Rad1 Rxd1 22. Rxd1 Rd8 23. Rxd8+ Qxd8 24. Nxg7 Kxg7 25. Qxe5+ f6 26. Qg3+ Kf7 27. Qd3 Qe7 28. Kf1 Ke8 29. f4 h6 30. Ke2 Qc7 31. Kf3 b5 32. Qc3 Qd6 33. e5 Qd1+ 34. Kg3 fxe5 35. Qxe5+ Kd8 36. Qb8+ Kd7 37. Qb7+ Kd6 38. Qh7 h5 39. Qd3+ Qxd3+ 40. cxd3 c5 41. Kf3 Kd5 42. g4 hxg4+ 43. hxg4 a5 44. g5 Ke6 45. Ke4 Kd6 46. g6 Ke7 47. f5 a4 48. Kd5 1-0

[Event "Winter Open 2024"]
[Site "?"]
[Date "2024.01.20"]
[Round "2"]
[White "Morgans, Justin"]
[Black "Quinn, Peter"]
[Result "1/2-1/2"]
[WhiteElo "1618"]
[BlackElo "1638"]
[PlyCount "90"]
[SourceVersionDate "2024.02.15"]

1. e4 Nf6 2. Nc3 c6 3. Nf3 d6 4. Be2 e5 5. O-O Be7 6. d4 Nbd7 7. Be3 O-O 8. h3 Re8 9. dxe5 dxe5 10. a3 h6 11. Re1 Qc7 12. Bc4 Nf8 13. Qe2 Be6 14. Rad1 b6 15. Rd2 Rad8 16. Red1 Rxd2 17. Rxd2 Rd8 18. Bxe6 Nxe6 19. Qc4 Rxd2 20. Nxd2 a5 21. g3 b5 22. Qd3 Nc5 23. Qe2 b4 24. axb4 axb4 25. Bxc5 Bxc5 26. Nd1 Qd7 27. Kg2 Nh7 28. Nf3 Qd6 29. Ne3 Bd4 30. Nf5 Qc5 31. N5xd4 exd4 32. Qd3 Nf6 33. Nxd4 g6 34. Nf3 Qe7 35. e5 Nd7 36. Qe4 c5 37. e6 Qxe6 38. Qxe6 fxe6 39. Nd2 Kf7 40. f4 e5 41. Kf3 Ke6 42. Nc4 Kd5 43. Ne3+ Kd4 44. fxe5 Nxe5+ 45. Ke2 c4 1/2-1/2

[Event "Winter Open 2024"]
[Site "?"]
[Date "2024.01.20"]
[Round "3"]
[White "Jones, Stephen"]
[Black "Bullen, Alex"]
[Result "1-0"]
[WhiteElo "2234"]
[BlackElo "2139"]
[PlyCount "153"]
[SourceVersionDate "2024.02.15"]

1. e4 c6 2. d4 d5 3. e5 Bf5 4. Nf3 e6 5. Be2 Ne7 6. O-O h6 7. Nbd2 Nd7 8. Nb3 Be4 9. c3 a5 10. a4 Qb6 11. Ne1 g5 12. Nd3 Bg6 13. Bd2 Nf5 14. Rc1 c5 15. Ndxc5 Bxc5 16. dxc5 Nxc5 17. Bb5+ Kf8 18. Nxc5 Qxc5 19. b4 axb4 20. cxb4 Qb6 21. Rc5 Kg7 22. Qa1 Rhc8 23. Rfc1 Rxc5 24. bxc5 Qa7 25. a5 Ne7 26. h4 Rc8 27. hxg5 Rxc5 28. gxh6+ Kh7 29. Qa3 Rxc1+ 30. Qxc1 Qd4 31. Qc3 Qe4 32. Qb4 Qc2 33. Bf1 Nf5 34. Qf4 Qd1 35. g3 Bh5 36. Kg2 Bf3+ 37. Qxf3 Qxd2 38. Bd3 Kxh6 39. Bxf5 exf5 40. Qxf5 Kg7 41. Qf6+ Kg8 42. Qb6 Qd3 43. Qd8+ Kg7 44. Qf6+ Kf8 45. Qf4 Kg7 46. Qg4+ Kf8 47. e6 fxe6 48. Qxe6 Qb5 49. Qd6+ Kf7 50. Qc7+ Kg8 51. Qd8+ Kf7 52. Qc7+ Kg8 53. g4 Qe8 54. Qf4 Qd8 55. Qd2 d4 56. Qd3 Qd5+ 57. f3 Kg7 58. Qe4 Qa2+ 59. Kg3 Qb2 60. g5 Qd2 61. Qxb7+ Kg6 62. Qe4+ Kg7 63. Qe5+ Kg8 64. a6 Qd1 65. a7 Qg1+ 66. Kf4 Qh2+ 67. Ke4 Qe2+ 68. Kxd4 Qf2+ 69. Ke4 Qe2+ 70. Kf4 Qh2+ 71. Kg4 Qxe5 72. a8=Q+ Kg7 73. Qb7+ Kg8 74. Qc8+ Kg7 75. Qd7+ Kg8 76. g6 Qf6 77. Qf7+ 1-0

[Event "Winter Open 2024"]
[Site "?"]
[Date "2024.01.20"]
[Round "3"]
[White "Cave, Iwan"]
[Black "Jukes, Sam"]
[Result "1-0"]
[WhiteElo "1973"]
[BlackElo "1890"]
[PlyCount "51"]
[SourceVersionDate "2024.02.15"]

1. d4 Nf6 2. c4 b6 3. Nc3 Bb7 4. Qc2 d5 5. cxd5 Nxd5 6. e4 Nxc3 7. bxc3 e6 8. Nf3 Nd7 9. Bd3 c5 10. O-O cxd4 11. cxd4 Bd6 12. Bb2 h5 13. d5 O-O 14. Qc3 Nf6 15. Qb3 Bf4 16. dxe6 fxe6 17. Qxe6+ Kh8 18. Rad1 Bc8 19. Qb3 Bg4 20. Be2 Qe8 21. h3 Nxe4 22. hxg4 hxg4 23. Nh4 Bg5 24. Bxg4 Rf4 25. Qh3 Bh6 26. Nf5 1-0

[Event "Winter Open 2024"]
[Site "?"]
[Date "2024.01.20"]
[Round "3"]
[White "Rathbone-Jones, Ifan"]
[Black "Kett, Tim"]
[Result "0-1"]
[WhiteElo "1934"]
[BlackElo "2096"]
[PlyCount "106"]
[SourceVersionDate "2024.02.15"]

1. Nf3 d6 2. a4 e5 3. e4 f5 4. d4 fxe4 5. Ng5 exd4 6. Qxd4 Nf6 7. Nc3 d5 8. Bf4 Nc6 9. Bb5 Bd6 10. Be5 Bxe5 11. Qxe5+ Qe7 12. Qxe7+ Kxe7 13. O-O-O h6 14. Nxd5+ Nxd5 15. Nxe4 a6 16. Bd3 Nf4 17. Nc5 Nxd3+ 18. Rxd3 b6 19. Nb3 Ne5 20. Re1 Kf6 21. Rde3 Ng4 22. Rf3+ Kg6 23. Re7 Rg8 24. h3 Nf6 25. Rxc7 Rb8 26. Nd4 Rb7 27. Rc6 Bd7 28. Rd6 Re8 29. Rb3 b5 30. Rxa6 b4 31. c3 Reb8 32. c4 Rc8 33. Rg3+ Kf7 34. b3 Rd8 35. Nf3 Re8 36. Nd2 Re1+ 37. Kb2 Bf5 38. Rd6 Rbe7 39. Rf3 Bg6 40. g4 R7e2 41. h4 Rb1+ 42. Ka2 Rd1 43. g5 Ke7 44. Rd4 Rexd2+ 45. Rxd2 Rxd2+ 46. Ka1 hxg5 47. Re3+ Kd6 48. c5+ Kxc5 49. Re5+ Kd6 50. Rxg5 Bd3 51. f3 Nd5 52. a5 Nc3 53. a6 Ra2# 0-1

[Event "Winter Open 2024"]
[Site "?"]
[Date "2024.01.20"]
[Round "3"]
[White "Dixon, Chris"]
[Black "Binks, Michael"]
[Result "0-1"]
[WhiteElo "1665"]
[BlackElo "2035"]
[PlyCount "56"]
[SourceVersionDate "2024.02.15"]

1. d4 Nf6 2. Nf3 d5 3. e3 Bf5 4. c4 c6 5. Bd3 Bxd3 6. Qxd3 e6 7. Nc3 Be7 8. O-O O-O 9. b3 Nbd7 10. Bb2 Nh5 11. cxd5 exd5 12. Ne2 Bd6 13. Ng3 Nxg3 14. hxg3 Qf6 15. Rfe1 Rae8 16. Re2 Re6 17. Nh4 Rfe8 18. a3 Re4 19. Nf3 Qh6 20. Rae1 Nf6 21. Nd2 Ng4 22. Nf3 R8e6 23. Rc2 Rf6 24. Qd1 Qh5 25. Kf1 Qh1+ 26. Ng1 Bxg3 27. Ke2 Rxf2+ 28. Kd3 Rxc2 0-1